Normal view MARC view
  • Mendieta Melgar, Giulianna Mary

Entry Nombre Personal

Number of records used in: 2

001 - NUMERO DE CONTROL

  • campo de control: 47823

003 - IDENTIFICADOR DE NUMERO DE CONTROL

  • campo de control: DLC

005 - FECHA Y HORA DE LA ÜLTIMA TRANSACCIÓN

  • campo de control: 20230301103217.0

008 - DATOS DE LONGITUD FIJA

  • campo de control de longitud fija: 130925n| azannaabn |a aaa c

010 ## - NÚMERO DE CONTROL DE LA BIBLIOTECA DEL CONGRESO

  • Número de control LC: ns2013003084

035 ## - NUMERO DE CONTROL

  • Número de control: (CaEvSKY)skya10294001

040 ## - FUENTE DE CATALOGACIÓN

  • Agencia original de catalogación: MX-MxCID
  • Lenguaje de catalogación: spa
  • Description conventions: rda
  • Agencia de transcripción: MX-MxCID
  • Agencia que lo modifica: MX-MxUPN

100 1# - ENCABEZAMIENTO - NOMBRE PERSONAL

  • Nombre personal: Mendieta Melgar, Giulianna Mary

372 ## - CAMPO DE ACTIVIDAD

  • Field of activity: Administración pública
  • Fuente del término: lcsh

373 ## - GRUPO ASOCIADO

  • Associated group: Centro de Investigación y Docencia Económicas
  • Fuente del término: naf

375 ## - GÉNERO

  • Gender: femenino

377 ## - LENGUA ASOCIADA

  • Language code: spa

400 1# - VEÁSE - NOMBRE DE PERSONA

  • Personal name: Melgar, Giulianna Mary Mendieta

670 ## - FUENTE EN LA QUE SE LOCALIZARON DATOS

  • Cita de la fuente: Los resultados de la reforma en el sector de telecomunicaciones: un análisis comparado de la implementación de la política de acceso universal en los casos de Chile, México y Perú, 2002:
  • Información localizada: portada (Giulianna Mary Mendieta Melgar; Centro de Investigación y Docencia Económicas, Maestro en Administración y Políticas Públicas)

902 ## - CATALOGADOR

  • Catalogador: NDAF/010323